Fruit processing
This book provides a concise, thorough and authoritative coverage of the technology of fruit processing from a world wide perspective. Detailed coverage of the manufacture of fruit by-products, environmental issues and water quality reflect the importance of these topics
Gardado en:
| Formato: | Libro |
|---|---|
| Idioma: | Undetermined |
| Publicado: |
London
Blackie Academic and Professional
1996
|
| Những chủ đề: | |
| Các nhãn: |
Engadir etiqueta
Sen Etiquetas, Sexa o primeiro en etiquetar este rexistro!
|
| Thư viện lưu trữ: | Trung tâm Học liệu Trường Đại học Cần Thơ |
|---|
| LEADER | 00711nam a2200169Ia 4500 | ||
|---|---|---|---|
| 001 | CTU_19343 | ||
| 008 | 210402s9999 xx 000 0 und d | ||
| 082 | |a 664.8 | ||
| 082 | |b F944 | ||
| 245 | 0 | |a Fruit processing | |
| 260 | |a London | ||
| 260 | |b Blackie Academic and Professional | ||
| 260 | |c 1996 | ||
| 520 | |a This book provides a concise, thorough and authoritative coverage of the technology of fruit processing from a world wide perspective. Detailed coverage of the manufacture of fruit by-products, environmental issues and water quality reflect the importance of these topics | ||
| 650 | |a food industry and trade | ||
| 904 | |i Minh, 971027 | ||
| 980 | |a Trung tâm Học liệu Trường Đại học Cần Thơ | ||